US State Border Bash with Booby Traps II Quiz Stats

 Plays Quiz Updated Jun 22, 2018

Challenge
Share
Tweet
Embed
Score 0/34 Timer 05:00
0 Plays Today
Next Border Path US State % Correct
????
100%
????
72.7%
????
72.7%
????
72.4%
????
61.5%
????
61.5%
????
56.6%
????
55.9%
????
54.1%
????
49.7%
????
49.2%
????
45.7%
????
41.8%
????
41.4%
????
40.5%
????
35.1%
????
35%
Next Border Path US State % Correct
????
35%
????
32.5%
????
30.1%
????
27.3%
????
25%
????
24.2%
????
23.6%
????
23.5%
????
21.3%
????
20.6%
????
20.6%
????
13.9%
????
13.5%
????
13.5%
????
13.4%
????
13.4%
????
13.3%

You're not logged in!

Compare scores with friends on all Sporcle quizzes.
Join for Free
OR
Log In

You Might Also Like...

Show Comments

Extras

Top Quizzes Today


Score Distribution

Your Account Isn't Verified!

In order to create a playlist on Sporcle, you need to verify the email address you used during registration. Go to your Sporcle Settings to finish the process.

Report this User

Report this user for behavior that violates our Community Guidelines.

Details: